00751cam a2200241 a 45000010009000000050017000090080041000260100017000670200015000840400018000990410008001170800014001250820018001391000007001571010008001642450055001722460042002275040053002699060045003229420012003679990017003799520113003961255446920180115075608.0011003s2003 njua b 001 0 eng  a 2001054352 a0130985902 aDLCcDLCdDLC aeng a372.6 TOM00a372.6 TOM2211 a46 aEDU10aLiteracy for the 21st century /cGail E. Tompkins.3 aLiteracy for the twenty-first century aIncludes bibliographical references and indexes. a7bcbccorignewd1eocipf20gy-gencatlg 2ddccBK c40295d40295 00102udc40708PËKGa002b002cPËKGd2018-01-15l0o372.6 TOMp002-2995395r2018-01-15w2018-01-15yBK